000
00218nam a2200097Ia 4500
008
240625s9999 xx 000 0 und d
041
_a
eng
100
_a
SHANE SCOTT A
245
_a
FINDING FERTILE GROUND
260
_c
2005
999
_c
33175
_d
33175